书目信息 |
| 题名: |
地籍管理的原理与方法
|
|
| 作者: | 谭峻 编著 | |
| 分册: | ||
| 出版信息: | 北京 中国人民大学出版社 2005.80 |
|
| 页数: | ||
| 开本: | 16开 | |
| 丛书名: | ||
| 单 册: | ||
| 中图分类: | P273 | |
| 科图分类: | ||
| 主题词: | 地籍学 | |
| 电子资源: | ||
| ISBN: | 7-300-06615-1 | |
| 000 | 00527nam0 2200181 450 | |
| 001 | 0736196517 | |
| 005 | 20070924100316.51 | |
| 010 | @a7-300-06615-1@d¥22.00 | |
| 100 | @a20070924d km y0chiy0120 ea | |
| 101 | 0 | @achi |
| 200 | 1 | @a地籍管理的原理与方法@Adi ji guan li de yuan li yu fang fa@f谭峻 等编著@Ftan jun deng bian zhu |
| 210 | @a北京@c中国人民大学出版社@d2005.80 | |
| 215 | @d16开 | |
| 606 | 0 | @a地籍学 |
| 690 | @aP273@v3 | |
| 701 | 0 | @a谭峻@Atan jun@4编著 |
| 801 | 0 | @aCN@bPFT@c20070924 |
| 905 | @a213230@dP273@eZY54@f1 | |
| 地籍管理的原理与方法/谭峻 等编著.-北京:中国人民大学出版社,2005.80 |
| 16开 |
| ISBN 7-300-06615-1:¥22.00 |
| ● |
| 相关链接 |
|
|
|
|
正题名:地籍管理的原理与方法
索取号:P273/ZY54
 
预约/预借
| 序号 | 登录号 | 条形码 | 馆藏地/架位号 | 状态 | 备注 |
| 1 | 7902349 | 279023496 | 资源管理系资料室/ [索取号:P273/ZY54] | 在馆 |